[Event "ST-2020-0-00154"]
[Site "LSS email"]
[Date "2020.07.29"]
[Round "?"]
[White "Nichols, Scott"]
[Black "Gusan, Boris"]
[Result "1/2-1/2"]
[WhiteElo "2406"]
[BlackElo "2555"]
[PlyCount "60"]
[EventDate "2020.07.14"]
[EventType "tourn (corr)"]
[EventRounds "6"]
[EventCountry "GER"]
[SourceTitle "Corr 2022"]
[Source "ChessBase"]
[SourceDate "2021.10.24"]
[SourceVersion "1"]
[SourceVersionDate "2021.10.24"]
[SourceQuality "1"]

1. e4 c5 2. Nf3 Nc6 3. Bb5 g6 4. 0-0 Bg7 5. Re1 a6 6. Bxc6 bxc6 7. h3 Qc7 8. d3 e5 9. c3 d6 10. d4 cxd4 11. cxd4 exd4 12. Nxd4 Nf6 13. Bf4 0-0 14. Nc3 Nh5 15. Bh2 Rd8 16. Rc1 Qb6 17. Nf3 Qxb2 18. Na4 Qxa2 19. Re2 Qa3 20. Rd2 Be6 21. Nc5 Bf8 22. Nxe6 fxe6 23. Rxc6 Qb4 24. Bxd6 Qxe4 25. Rb6 Rxd6 26. Rdxd6 Bxd6 27. Qxd6 Qc4 28. Rb4 Qc1+ 29. Kh2 Re8 30. Qxa6 Qc5 1/2-1/2